000 00814nam a22002777a 4500
003 CHAP
005 20220329134634.0
008 971013s1969 r 00010 d
010 _a23446
011 _a24418
035 _a28517
040 _cCHAP
090 _aFolleto 1147
110 _aBrasil. Superintendencia da Borracha
_915075
245 _aAssistencia técnica aos produtores de borracha vegetal da Bahía....
260 _a(s.l.) :
_b(s.e.),
_c1969
300 _a70 p. anexo
490 _aProjeto Sudhevea, 3-AT/BA
590 _aBATCH-UPD
_b10
_c20130110
_lUCH01
_h2114
590 _aCONVERSION
_b10
_c20130109
_lUCH01
_h1314
650 1 4 _aHevea.
_955088
830 0 _aProjeto Sudhevea, 3-AT/BA
_992394
901 _aBK
942 _cFOLL
949 _aFolleto 1147
_bBC
_cFOLL
_d-65745
_eTS1
_i28517
_si
999 _c23446
_d23446